|
|
|
|
| LEADER |
00000nam a2200000 i 4500 |
| 001 |
1/65003 |
| 008 |
041105s2003 eng d |
| 020 |
|
|
|a 8-88491-565-1
|
| 035 |
|
|
|l 10075120
|
| 040 |
|
|
|a GR-MY-UA
|b gre
|e aacr
|
| 041 |
0 |
|
|a eng
|
| 082 |
0 |
|
|a 759.5
|2 (21)
|
| 245 |
1 |
0 |
|a Botticelli :
|b from Lorenzo the Magnificent to Savonarola
|
| 260 |
|
|
|a Milano :
|b Skira,
|c c2003
|
| 300 |
|
|
|a 246 σ.;
|b εικ.;
|c 29 εκ.
|
| 500 |
|
|
|a The exhibition is presented by the Senate of the French Republic within the Musee de Luxenbourg
|
| 600 |
1 |
0 |
|a Botticelli Sandro
|d 1444 or 5-1510
|x Exhibitions.
|
| 650 |
0 |
0 |
|a Painting, Italian.
|
| 852 |
|
|
|a INST
|b LESVOS
|e 20041105
|h 759.5 BOT
|p 005100028045
|q 005100028045
|t BK
|y 0
|
| 901 |
|
|
|a BIBL1-2005-1
|
| 909 |
|
|
|a Λ
|b 115066
|
| 922 |
|
|
|a 1ΕΛΗ
|b 200410
|c ΤΑΚ/ΤΚΑ
|d ΠΑΠΑΣΩΤΗΡΙΟΥ & ΕΛΕΥΘΕΡΟΥΔΑΚΗΣ
|
| 950 |
|
|
|a 117-2004-10-15
|
| 970 |
|
|
|a ΤΖΑΦΕΡΗ
|b ΕΥΑΓΓΕΛΙΑ
|z 2005/02/03
|